000 01077nam a22002295i 4500
001 165075
003 ES-MaACL
005 20250522202836.0
008 990722s1846 sp |||| | spa d
040 _aCCPB | B
_bspa
_cCCPB | B
100 0 _aScribe, Eugène.
_9104966
245 1 0 _aGenoveva, ó Los celos paternales
_b: comedia en un acto /
_cescrita en francés por Scribe ; y arreglada a la escena española por Ramón de Navarrete.
260 _aMadrid :
_b[Manuel Delgado],
_c1846 (
_fImp. de José Repullés)
300 _a31 p. ;
_c19 cm.
490 1 _aGalería dramática
500 _aEn port.: Estrenada en el teatro del Príncipe el 12 de mayo de 1846.
700 1 _aNavarrete, Ramón de,
_d1818-1897
_985042
830 0 _aGalería dramática
_9186796
852 _aES-MaACL
_jF-8621(8)
_z-- Enc. pasta española, falto de la cub. original
_z-- Enc. en un vol. facticio formando parte de la col. facticia "Teatro español moderno", vol. 76
_z.- Dedicatoria manuscrita del traductor "A su querida mamá"
999 _c165075
_d165075